• 首页
  • 本馆介绍
  • 公告通知
  • 最新文献
  • 馆藏检索
  • 电子资源
  • 读者导购
  • 参考咨询
  • 我的图书馆
  • 登录
  • 详细信息显示
  • 放入我的书架
  • 预约/预借图书
  • 作者相关作品
  • 分类相关作品
  • 丛书相关作品
  • 出版社相关作品

书目信息

  • 表格格式
  • 工作单格式
  • 卡片格式
题名:
重刊宋本尔雅注疏
    
 
作者: 郭璞 注 ;邢昺疏
分册: 卷第八至十  
出版信息:   出版者不详  
页数:
开本:
丛书名: 宋本十三经注疏
单 册:
中图分类: H131.2
科图分类:
主题词: 汉语--语义 , 汉语--语义学 , 汉语--词汇 , 训诂
电子资源:
ISBN:
000 00804nam0 2200277 450
001 0638746203
005 20061020110138.57
010    @b线装@dCNY10.00(函)
100    @a20061020d km y0chiy0120 ea
101 0  @achi
200 1  @a重刊宋本尔雅注疏@Azhong kan song ben er ya zhu shu@h卷第八至十@f(晋)郭璞注@F(jin)guo pu zhu@g(宋)邢昺疏@G(song)xing bing shu
210    @c出版者不详
225 2  @a宋本十三经注疏@i尔雅
300    @a三册一函,共十卷
305    @a嘉靖二十年江西南昌府学雕本
410  0 @12001 @a宋本十三经注疏
410  0 @12001 @a尔雅
606 0  @a汉语@x语义
606 0  @a汉语@x语义学
606 0  @a汉语@x词汇
606 0  @a训诂
690    @aH131.2@v3
701  0 @a郭璞@Aguo pu@4注
702  0 @a邢昺疏@Axing bing shu
801  0 @aCN@bPFT@c20061020
905    @a10447@dH131.2@e13:3
    
    重刊宋本尔雅注疏.卷第八至十/(晋)郭璞注/(宋)邢昺疏.-出版者不详
    (宋本十三经注疏.尔雅)
    三册一函,共十卷
    
    ISBN (线装):CNY10.00(函)
    
●
相关链接 在E读中查询图书 在五车中查询图书 在当当中查询图书 在豆瓣中查询图书


正题名:重刊宋本尔雅注疏     索取号:H131.2/13:3         预约/预借

序号 登录号 条形码 馆藏地/架位号 状态 备注
1 0265322   202407948   古籍典藏专区/ [索取号:H131.2/13:3] 在馆    
唐山师范学院图书馆 欢迎您!
大连网信软件有限公司© 版权所有